00687 2200229 4500001002100000005001500021035002000036007000300056008004100059020002200100082001100122084001700133100002300150245010800173260005200281300003200333650001400365650001800379990002000397990002000417990002000437INLIS00000000000301020260513071235 a0010-0526000101ta260513 f 0 ind  a978-623-459-357-0 a630.92 a630.92 JAY p1 aJaya, Muhammad Nur1 aPemberdayaan Kelompok Tani :bBerbasis Komunikasi Pembangunan Partisipatif dan Pemanfaatan Modal Sosial aBandung :bWidina Bhakti Persada Bandung,c2023 ax + 169 hlm. ;c14 x 21 cm. 4aPertanian 4aKelompok Tani a20260515.01.006 a20260515.01.007 a20260515.01.008